Working Capital management Text and Cases (Record no. 7489)

MARC details
000 -LEADER
fixed length control field 00331nam a2200133Ia 4500
008 - FIXED-LENGTH DATA ELEMENTS--GENERAL INFORMATION
fixed length control field 191201s2011 xx 000 0 und d
100 ## - MAIN ENTRY--PERSONAL NAME
Personal name BHALLA,V K
245 #0 - TITLE STATEMENT
Title Working Capital management Text and Cases
250 ## - EDITION STATEMENT
Edition statement REV 13th.
260 ## - PUBLICATION, DISTRIBUTION, ETC. (IMPRINT)
Date of publication, distribution, etc 2011
Name of publisher, distributor, etc Anmol Publication
Place of publication, distribution, etc N. delhi
300 ## - PHYSICAL DESCRIPTION
Extent 971
650 ## - SUBJECT ADDED ENTRY--TOPICAL TERM
Topical term or geographic name as entry element MBA
942 ## - ADDED ENTRY ELEMENTS (KOHA)
Source of classification or shelving scheme Dewey Decimal Classification
Koha item type Book Bank
Holdings
Withdrawn status Lost status Source of classification or shelving scheme Damaged status Not for loan Collection code Home library Current library Date acquired Source of acquisition Cost, normal purchase price Bill Number Total Checkouts Full call number Acc. no. / Barcode Date last seen Bill Date Koha item type
    Dewey Decimal Classification     MBA PIET C-LIBRARY PIET C-LIBRARY 13/10/2011 Valley Book House 595.00 185   658.152 BHW BB7668 04/12/2019 13/10/2011 Book Bank
    Dewey Decimal Classification     MBA PIET C-LIBRARY PIET C-LIBRARY 13/10/2011 Valley Book House 595.00 185   658.152 BHW BB7669 04/12/2019 13/10/2011 Book Bank
    Dewey Decimal Classification     MBA PIET C-LIBRARY PIET C-LIBRARY 13/10/2011 Valley Book House 595.00 185   658.152 BHW BB7670 04/12/2019 13/10/2011 Book Bank
    Dewey Decimal Classification     MBA PIET C-LIBRARY PIET C-LIBRARY 13/10/2011 Valley Book House 595.00 185   658.152 BHW BB7671 04/12/2019 13/10/2011 Book Bank
    Dewey Decimal Classification     MBA PIET C-LIBRARY PIET C-LIBRARY 13/10/2011 Valley Book House 595.00 185   658.152 BHW BB7672 04/12/2019 13/10/2011 Book Bank

Design & Developed by: PIET Central Library
R70 Miles Stone Pattikalyana Samalkha Panipat 132102
mail ID :- [email protected], Phone No:- 0180-2569700 Ex.216